LIBRARY & INFORMATION CENTRE, KCAET, TAVANUR

ONLINE PUBLIC ACCESS CATALOGUE (OPAC)

Development and testing of a power operated coconut oil expeller (Record no. 14961)

MARC details
000 -LEADER
fixed length control field 00696nam a22001817a 4500
003 - CONTROL NUMBER IDENTIFIER
control field OSt
088 ## - REPORT NUMBER
Report number P 331
100 ## - MAIN ENTRY--AUTHOR NAME
Personal name AMRETHA KRISHNAN A.K
-- MANSHOOBA P.M
-- SA-ADA ABDURAHIMAN
-- SAROOP C.L
245 ## - TITLE STATEMENT
Title Development and testing of a power operated coconut oil expeller
260 ## - PUBLICATION, DISTRIBUTION, ETC. (IMPRINT)
Place of publication Tavanur 2016
Name of publisher DEPARTMENT OF FARM POWER MACHINERY AND ENERGY
300 ## - PHYSICAL DESCRIPTION
Number of Pages 70
500 ## - GENERAL NOTE
General note Development and testing of a power operated coconut oil expeller
520 ## - SUMMARY, ETC.
Summary, etc Development and testing of a power operated coconut oil expeller
700 ## - ADDED ENTRY--PERSONAL NAME
Personal name Dr. Jayan P.R (Guide)
856 ## - ELECTRONIC LOCATION AND ACCESS
Uniform Resource Identifier https://drive.google.com/open?id=1ULWSDR3OpHDL-bIJRcTTk73PNDIimneM
942 ## - ADDED ENTRY ELEMENTS (KOHA)
Koha item type Project Report
Holdings
Collection code Home library Current library Shelving location Full call number Accession Number Koha item type
Reference KAUAET KAUAET Reference 631.3 AMR/DE P 331 Project Report
free website counter